Late Antique/early Byzantine glass in the Eastern Mediterranean /

Bibliographic Details
Corporate Author: Late Antique Glass in Anatolia
Other Authors: Laflı, Ergün
Format: Conference Proceeding Book
Language:English
German
Turkish
Language Notes:English, with some German and Turkish.
Published: Izmir, Turkey : Hürriyet Matbaası, 2009.
Edition:1st ed.
Series:Publication series (Dokuz Eylül Üniversitesi. Edebiyat Fakültesi. Arkeoloji Bölümü. Ortaçağ Arkeolojisi Anabilimdalı) ; no. 1.
Subjects:

MARC

Tag First Indicator Second Indicator Subfields
LEADER 00000cam a2200000Ka 4500
001 in00002870708
005 20151211143945.0
008 101214s2009 tu a b 000 0 eng d
020 |a 9786056152504 
020 |a 6056152502 
035 |a (OCoLC)ocn707972878 
040 |a EYM  |c EYM  |d KLG  |d MUU  |d UtOrBLW 
041 1 |a eng  |a ger  |a tur 
049 |a TXAM 
090 |a NK5107  |b .L37 2009 
245 0 0 |a Late Antique/early Byzantine glass in the Eastern Mediterranean /  |c edited by Ergün Laflı. 
250 |a 1st ed. 
264 1 |a Izmir, Turkey :  |b Hürriyet Matbaası,  |c 2009. 
300 |a xx, 404 pages :  |b illustrations ;  |c 30 cm. 
336 |a text  |b txt  |2 rdacontent 
337 |a unmediated  |b n  |2 rdamedia 
338 |a volume  |b nc  |2 rdacarrier 
490 1 |a Publication series / Dokuz Eylül University, Faculty of Arts, Department of Archaeology, Division for Medieval Archaeology ; no. 1 
546 |a English, with some German and Turkish. 
504 |a Includes bibliographical references. 
505 0 |a Introduction -- Late antique/Early Byzantine glass in Anatolia -- Late antique/early Byzantine glass in the rest of Eastern Mediterranean -- A bibliographical list of the late antique/early Byzantine glass studies in Anatolia until the year 2009. 
650 0 |a Glassware, Ancient  |v Congresses. 
650 0 |a Glassware, Byzantine  |v Congresses. 
700 1 |a Laflı, Ergün. 
711 2 |a Late Antique Glass in Anatolia  |d (2009 :  |c İzmir, Turkey) 
830 0 |a Publication series (Dokuz Eylül Üniversitesi. Edebiyat Fakültesi. Arkeoloji Bölümü. Ortaçağ Arkeolojisi Anabilimdalı) ;  |v no. 1. 
948 |a cataloged  |b h  |c 2013/2/11  |d c  |e ceaton  |f 8:52:55 am 
994 |a C0  |b TXA 
999 |a MARS 
999 f f |s 145dce3c-4fbb-352a-829e-db26c39035ce  |i e1b0297c-30a9-324e-a4a3-fc3c169feadb  |t 0 
952 f f |p normal  |a Texas A&M University  |b College Station  |c Sterling C. Evans Library  |s Evans stk  |d Evans: Library Stacks  |t 0  |e NK5107 .L37 2009  |h Library of Congress classification  |i unmediated -- volume  |m A14841689535 
998 f f |a NK5107 .L37 2009  |t 0  |l Evans: Library Stacks